Top 5 Most Populous Cities in Each Country of Asia - Statistics

General Stats
  • This quiz has been taken 448 times
    6 since last reset
  • The average score is 98 of 240
Answers on the Map
Answers color-coded by a green-red scale on the quiz's map according to % correct below.
 
Answer Stats
Country Population City % Correct
Bangladesh 3,230,507* Chittagong
100%
Bangladesh 10,295,786* Dhaka
100%
Afghanistan 4,434,600 Kabul
100%
Armenia 1,141,100 Yerevan
100%
Syria 2,132,100 Aleppo
80%
Jordan 1,812,059 Amman
80%
Turkey 5,186,022 Ankara
80%
Turkmenistan 1,030,063 Ashgabat
80%
Kazakhstan 1,639,176 Astana
80%
Iraq 6,719,476 Baghdad
80%
Azerbaijan 1,311,900 Baku
80%
Thailand 5,666,264 Bangkok
80%
China 18,960,744 Beijing
80%
Lebanon 1,650,000 Beirut
80%
India 8,520,435* Bengaluru
80%
South Korea 3,179,551* Busan
80%
China 13,568,357 Chengdu
80%
India 8,653,521* Chennai
80%
Sri Lanka 561,314 Colombo
80%
Syria 1,414,913 Damascus
80%
India 16,349,831* Delhi
80%
East Timor 267,623 Dili
80%
Philippines 26,570,462* Manila
80%
Qatar 872,048 Doha
80%
Qatar 313,754 Doha Industrial Area
80%
Israel 631,215 Gaza
80%
China 16,096,724 Guangzhou
80%
Israel 282,832 Haifa
80%
Vietnam 3,605,364 Hanoi
80%
Afghanistan 574,300 Herat
80%
Vietnam 7,004,921 Ho Chi Minh City
80%
Iran 1,961,260 Isfahan
80%
Turkey 15,244,936 Istanbul
80%
Turkey 2,948,160 Izmir
80%
Indonesia 9,607,787 Jakarta
80%
Saudi Arabia 3,712,917 Jeddah
80%
Israel 1,247,373 Jerusalem
80%
Afghanistan 523,300 Kandahar
80%
Pakistan 18,868,021 Karachi
80%
Nepal 862,400 Kathmandu
80%
India 14,057,991* Kolkata
80%
Malaysia 1,588,750* Kuala Lumpur
80%
Pakistan 13,004,135 Lahore
80%
Bahrain 143,035 Manama
80%
Myanmar 1,162,500 Mandalay
80%
Saudi Arabia 2,385,509 Mecca
80%
Saudi Arabia 1,411,599 Medina
80%
Iraq 1,361,819 Mosul
80%
India 18,394,912* Mumbai
80%
Japan 2,332,176 Nagoya
80%
Taiwan 4,365,947 New Taipei City
80%
Cyprus 56,479 Nicosia
80%
Japan 2,752,412 Osaka
80%
Cambodia 2,189,460 Phnom Penh
80%
North Korea 2,521,785 Pyongyang
80%
Saudi Arabia 6,924,566 Riyadh
80%
Yemen 1,707,531 Sana'a
80%
Japan 1,973,395 Sapporo
80%
South Korea 9,586,195* Seoul
80%
China 21,909,814 Shanghai
80%
China 17,444,609 Shenzhen
80%
Kuwait 388,294 South Kuwait City
80%
Indonesia 2,765,487 Surabaya
80%
Taiwan 2,594,581 Taipei
80%
Georgia 1,285,300 Tbilisi
80%
Iran 8,693,706 Tehran
80%
Israel 467,875 Tel Aviv-Yafo
80%
Bhutan 114,551 Thimphu
80%
Japan 9,733,276 Tokyo
80%
Lebanon 125,000 Tyre
80%
Mongolia 1,466,431 Ulaanbaatar
80%
Laos 620,157 Vientiane
80%
Myanmar 4,584,622 Yangon
80%
United Arab Emirates 1,750,000 Abu Dhabi
60%
Yemen 588,938 Aden
60%
Kazakhstan 2,348,103 Almaty
60%
Brunei 266,682* Bandar Seri Begawan
60%
Indonesia 2,394,873 Bandung
60%
Iraq 1,340,827 Basra
60%
Kyrgyzstan 1,103,562 Bishkek
60%
Turkey 2,051,464 Bursa
60%
Philippines 2,581,824* Cebu
60%
Saudi Arabia 1,386,166 Dammam
60%
Vietnam 988,561 Da Nang
60%
United Arab Emirates 3,570,099 Dubai
60%
Tajikistan 1,242,600 Dushanbe
60%
Iraq 879,071 Erbil
60%
Pakistan 3,691,999 Faisalabad
60%
South Korea 2,860,142* Incheon
60%
Afghanistan 271,900 Jalalabad
60%
Kyrgyzstan 117,533 Jalal-Abad
60%
Iraq 972,272 Kirkuk
60%
Cyprus 107,970 Limassol
60%
Maldives 137,238 Malé
60%
Iran 3,001,184 Mashhad
60%
Afghanistan 484,500 Mazar-i-Sharif
60%
Indonesia 2,097,610 Medan
60%
Kyrgyzstan 315,881 Osh
60%
Pakistan 3,357,612 Rawalpindi
60%
Uzbekistan 595,818 Samarkand
60%
Uzbekistan 3,112,748 Tashkent
60%
Lebanon 450,000 Tripoli
60%
Japan 3,777,491 Yokohama
60%
Turkey 1,779,463 Adana
40%
Kazakhstan 598,683 Aktobe
40%
Philippines 1,679,075* Angeles
40%
South Korea 2,149,687* Daegu
40%
Philippines 1,627,459* Davao
40%
Azerbaijan 301,200 Ganja
40%
Armenia 114,700 Gyumri
40%
Vietnam 841,520 Haiphong
40%
Syria 312,994 Hama
40%
Syria 652,609 Homs
40%
Malaysia 809,900* Johor Bahru
40%
Taiwan 2,734,275 Kaohsiung
40%
Kazakhstan 533,344 Karaganda
40%
Iran 1,592,492 Karaj
40%
Azerbaijan 215,800 Khirdalan
40%
Bangladesh 719,557* Khulna
40%
Cyprus 52,046 Larnaca
40%
Syria 383,786 Latakia
40%
Myanmar 358,679 Naypyidaw
40%
United Arab Emirates 1,610,000 Sharjah
40%
Iran 1,565,572 Shiraz
40%
Kazakhstan 1,294,050 Shymkent
40%
Cambodia 225,607 Siem Reap
40%
Azerbaijan 440,900 Sumqayit
40%
Taiwan 3,033,840 Taichung
40%
Turkmenistan 230,861 Turkmenabat
40%
Armenia 78,100 Vanadzor
40%
Bahrain 47,529 A'ali
20%
Armenia 50,600 Abovyan
20%
Uzbekistan 492,425 Andijan
20%
Turkmenistan 123,190 Balkanabat
20%
Georgia 234,600 Batumi
20%
Tajikistan 130,800 Bokhtar
20%
Mongolia 47,153 Choibalsan
20%
North Korea 614,892 Chongjin
20%
South Korea 1,488,435* Daejeon
20%
Mongolia 84,429 Darkhan
20%
Turkmenistan 201,142 Dasoguz
20%
Israel 257,128 Rishon LeZion
20%
Mongolia 102,141 Erdenet
20%
Kuwait 791,744 Farwaniya
20%
Bangladesh 2,677,715* Gazipur
20%
Bhutan 9,858 Gelephu
20%
Pakistan 2,511,118 Gujranwala
20%
Bahrain 52,718 Hamad Town
20%
North Korea 703,610 Hamhung
20%
Armenia 49,500 Hrazdan
20%
Yemen 409,994 Hudaydah
20%
Jordan 502,714 Irbid
20%
Tajikistan 66,600 Istaravshan
20%
Kuwait 455,786 Jahra
20%
Kyrgyzstan 77,241 Karakol
20%
Tajikistan 203,800 Khujand
20%
Tajikistan 110,400 Kulob
20%
Georgia 161,200 Kutaisi
20%
Cyprus 43,111 Lakatamia
20%
Turkmenistan 167,027 Mary
20%
Azerbaijan 122,200 Mingechevir
20%
Bahrain 91,307 Muharraq
20%
Uzbekistan 713,385 Namangan
20%
Bangladesh 967,951* Narayanganj
20%
Uzbekistan 344,690 Nukus
20%
Bhutan 11,448 Paro
20%
Bhutan 27,658 Phuntsholing
20%
Nepal 513,504 Pokhara
20%
Bahrain 79,550 Riffa
20%
Jordan 472,604 Russeifa
20%
Georgia 131,800 Rustavi
20%
Oman 293,962 Salalah
20%
Bhutan 9,325 Samdrup Jongkhar
20%
Lebanon 250,000 Sidon
20%
North Korea 334,031 Sinuiju
20%
Georgia 67,087 Sokhumi
20%
Cyprus 70,823 Strovolos
20%
Kyrgyzstan 73,433 Tokmok
20%
North Korea 328,467 Wonsan
20%
Lebanon 140,000 Zahle
20%
Jordan 635,160 Zarqa
20%
United Arab Emirates 557,071 Ajman
0%
United Arab Emirates 690,000 Al Ain
0%
Qatar 799,933 Al Rayyan
0%
Qatar 134,481 Al Wukair
0%
Myanmar 276,987 Bago
0%
Cambodia 151,827 Battambang
0%
East Timor 19,118 Baucau
0%
Oman 362,523 Bawshar
0%
Singapore 274,360 Bedok
0%
Indonesia 2,334,871 Bekasi
0%
Nepal 369,268 Bharatpur
0%
Vietnam 830,829 Bien Hoa
0%
Nepal 272,382 Birgunj
0%
Brunei 9,835 Bukit Beruang
0%
Philippines 837,787* Cagayan de Oro
0%
Thailand 143,024 Chaophraya Surasak
0%
Sri Lanka 184,468 Dehiwala/Mount Lavinia
0%
Kuwait 447,009 Fintas
0%
Maldives 9,177 Fuvahmulah
0%
Thailand 156,802 Hat Yai
0%
Kuwait 961,170 Hawally
0%
Maldives 13,759 Hithadhoo
0%
Maldives 65,714 Hulhumalé
0%
Yemen 212,992 Ibb
0%
Malaysia 665,600* Ipoh
0%
Singapore 253,840 Jurong West
0%
Sri Lanka 252,041 Kaduwela
0%
Sri Lanka 185,122 Kesbewa
0%
Malaysia 826,400* Klang
0%
Brunei 27,819* Kuala Belait
0%
Maldives 10,131 Kulhudhuffushi
0%
Nepal 294,098 Lalitpur
0%
East Timor 12,782 Lospalos
0%
Laos 66,781 Luang Prabang
0%
Sri Lanka 196,423 Maharagama
0%
East Timor 13,078 Maliana
0%
Mongolia 42,423 Mörön
0%
Oman 230,881 Muttrah
0%
Myanmar 312,700 Myitkyina
0%
Thailand 254,375 Nonthaburi
0%
Thailand 190,272 Pak Kret
0%
Laos 68,093 Pakse
0%
East Timor 15,240 Pante Macassar
0%
Laos 48,643 Phonsavan
0%
Cambodia 79,475 Poi Pet
0%
Jordan 296,763 Quwaysimah
0%
Laos 91,684 Savannakhet
0%
Oman 470,878 Seeb
0%
Singapore 267,600 Sengkang
0%
Brunei 16,340* Seria
0%
Oman 219,264 Sohar
0%
Malaysia 718,200* Subang Jaya
0%
Yemen 466,968 Taizz
0%
Cambodia 91,344 Ta Khmao
0%
Singapore 290,090 Tampines
0%
Taiwan 2,441,064 Taoyuan
0%
Brunei 8,596* Tutong
0%
Qatar 149,701 Umm Salal Mohammed
0%
Singapore 254,440 Woodlands
0%
No matching quizzes found
Score Distribution
Percent of People with Each Score
Percentile by Number Answered
Your Score History
You have not taken this quiz since the last reset